| 000 | 00865nam a22002057a 4500 | ||
|---|---|---|---|
| 999 |
_c58584 _d58584 |
||
| 003 | Ge_BSU | ||
| 005 | 20220607114355.0 | ||
| 008 | 220607s2022 ge ||||| |||| 00| 0 geo d | ||
| 020 | _a9789941842443 | ||
| 041 | _ageo | ||
| 080 | _a2-1 ჰ-71 | ||
| 100 |
_aჰიუმი, დევიდ _914003 |
||
| 245 |
_aრელიგიის ბუნებრივი ისტორია = The Natural History of Religion / _cდევიდ ჰიუმი ; მთარგმნელი დიმიტრი უჩანეიშვილი. |
||
| 264 |
_aთბილისი : _b აქტი, _c 2022. |
||
| 300 |
_a130 გვ. ; _b19 სმ. |
||
| 653 | _aრელიგია | ||
| 653 | _aფილოსოფია | ||
| 700 |
_aუჩანეიშვილი, დიმიტრი _eმთარგმნელი. _913895 |
||
| 942 |
_2udc _cBK |
||